<?xml version="1.0" encoding="UTF-8"?>
<collection xmlns="http://www.loc.gov/MARC21/slim">
 <record>
  <leader>01493ppm a22003738a 4500</leader>
  <controlfield tag="001">00036216</controlfield>
  <controlfield tag="005">20171026081025.0</controlfield>
  <controlfield tag="008">170217s2014                  ||||||Viesd</controlfield>
  <datafield tag="041" ind1="0" ind2="#">
   <subfield code="a">Vie</subfield>
  </datafield>
  <datafield tag="082" ind1="1" ind2="4">
   <subfield code="a">305.895 932</subfield>
   <subfield code="b">GI100TR</subfield>
  </datafield>
  <datafield tag="100" ind1="0" ind2="#">
   <subfield code="a">Nguyễn Hồng Đượm</subfield>
   <subfield code="e">Sinh viên thực hiện</subfield>
  </datafield>
  <datafield tag="245" ind1="1" ind2="0">
   <subfield code="a">Giá trị văn hóa của ngôi chùa trong đời sống nguười Khmer Nam Bộ</subfield>
   <subfield code="b">Khóa luận tốt nghiệp : Ngành Việt Nam Học : Trình độ : Đại học</subfield>
   <subfield code="c">Nguyễn Hồng Đượm; Trần Thị Thúy Kiều. Giáo viên hướng dẫn: Dương Thị Ngọc Minh</subfield>
  </datafield>
  <datafield tag="260" ind1="#" ind2="#">
   <subfield code="a">Đồng Tháp</subfield>
   <subfield code="b">Trường Đại học Đồng Tháp</subfield>
   <subfield code="c">2014</subfield>
  </datafield>
  <datafield tag="300" ind1="#" ind2="#">
   <subfield code="e">1 bản tóm tắt</subfield>
   <subfield code="a">67tr.</subfield>
   <subfield code="c">30 cm.</subfield>
  </datafield>
  <datafield tag="500" ind1="#" ind2="#">
   <subfield code="a">ĐTTTS ghi: Bộ Giáo dục và Đào tạo. Trường Đại học Đồng Tháp. Khoa Văn Hóa - Du lịch</subfield>
  </datafield>
  <datafield tag="653" ind1="#" ind2="#">
   <subfield code="a">Chùa</subfield>
  </datafield>
  <datafield tag="653" ind1="#" ind2="#">
   <subfield code="a">Khmer</subfield>
  </datafield>
  <datafield tag="653" ind1="#" ind2="#">
   <subfield code="a">Đời sống</subfield>
  </datafield>
  <datafield tag="653" ind1="#" ind2="#">
   <subfield code="a">Văn Hóa</subfield>
  </datafield>
  <datafield tag="653" ind1="#" ind2="#">
   <subfield code="a">Nam bộ</subfield>
  </datafield>
  <datafield tag="653" ind1="#" ind2="#">
   <subfield code="a">Khóa luận</subfield>
  </datafield>
  <datafield tag="700" ind1="1" ind2="#">
   <subfield code="a">Dương Thị Ngọc Minh</subfield>
   <subfield code="e">hướng dẫn</subfield>
  </datafield>
  <datafield tag="700" ind1="1" ind2="#">
   <subfield code="a">Trần Thị Thúy Kiều</subfield>
   <subfield code="e">Sinh viên thực hiện</subfield>
  </datafield>
  <datafield tag="852" ind1="#" ind2="#">
   <subfield code="j">KD.0019514</subfield>
  </datafield>
  <datafield tag="852" ind1="#" ind2="#">
   <subfield code="b">Kho đọc</subfield>
   <subfield code="j">KD.0019514</subfield>
  </datafield>
  <datafield tag="910" ind1="#" ind2="#">
   <subfield code="d">17/02/2017</subfield>
  </datafield>
  <datafield tag="980" ind1="#" ind2="#">
   <subfield code="a">Trung tâm Học liệu Lê Vũ Hùng, Trường Đại học Đồng Tháp</subfield>
  </datafield>
 </record>
</collection>
